[Event "XXIII Festival Conca della Presolana A"]
[Site "Bratto - Castione della Presolana ITA"]
[Date "2003.08.28"]
[Round "8"]
[White "Costantini, Roberto"]
[Black "De Santis, Alessio"]
[Result "1-0"]
[WhiteElo "2334"]
[BlackElo "2289"]
[PlyCount "81"]
[EventDate "2003.08.21"]

1.e4 c5 2.Nf3 e6 3.d4 cxd4 4.Nxd4 Nf6 5.Nc3 Nc6 6.Ndb5 d6 7.Bf4 e5 8.Bg5 
a6 9.Na3 b5 10.Nd5 Be6 11.c4 b4 12.Nc2 a5 13.Bd3 Be7 14.Nxe7 Nxe7 15.Bxf6 
gxf6 16.Ne3 Nc6 17.O-O Rg8 18.Kh1 Nd4 19.f4 a4 20.Rc1 Ra5 21.Qe1 exf4 22.
Rxf4 Nc6 23.Nd5 Ne5 24.Rd1 f5 25.Nxb4 Qg5 26.g3 fxe4 27.Bxe4 Ng4 28.Bc6+ 
Kf8 29.Nd5 Ra7 30.Qd2 Ne5 31.Nf6 Nxc4 32.Nxh7+ Ke7 33.Nxg5 Nxd2 34.Nxe6 
fxe6 35.Rxd2 Rc8 36.Bxa4 e5 37.Rh4 Rc1+ 38.Kg2 Ra6 39.Bb3 Rc5 40.Rh7+ Kf6 
41.Rf7+ 1-0

[Event "XXIII Festival Conca della Presolana A"]
[Site "Bratto - Castione della Presolana ITA"]
[Date "2003.08.28"]
[Round "8"]
[White "De Vita, Igor"]
[Black "Vancini, Edoardo"]
[Result "1/2-1/2"]
[WhiteElo "2158"]
[BlackElo "2284"]
[PlyCount "27"]
[EventDate "2003.08.21"]

1.Nf3 Nf6 2.c4 c5 3.Nc3 Nc6 4.d4 cxd4 5.Nxd4 e6 6.Ndb5 d5 7.Bf4 e5 8.cxd5 
exf4 9.dxc6 bxc6 10.Qxd8+ Kxd8 11.O-O-O+ Bd7 12.Nd6 Kc7 13.Nxf7 Rg8 14.Ne5
1/2-1/2

[Event "XXIII Festival Conca della Presolana A"]
[Site "Bratto - Castione della Presolana ITA"]
[Date "2003.08.28"]
[Round "8"]
[White "Del Dotto, Riccardo"]
[Black "Zanellato, Lorenzo"]
[Result "1/2-1/2"]
[WhiteElo "2151"]
[BlackElo "2055"]
[PlyCount "63"]
[EventDate "2003.08.21"]

1.e4 c6 2.d4 d5 3.Nc3 dxe4 4.Nxe4 Bf5 5.Ng3 Bg6 6.h4 h6 7.Nh3 Nf6 8.Nf4 
Bh7 9.Bc4 e6 10.Nfh5 Nbd7 11.c3 Nxh5 12.Nxh5 Nf6 13.Bf4 Bg6 14.Nxf6+ Qxf6 
15.Be5 Qf5 16.Rc1 Rd8 17.Rh3 Bh5 18.f3 Qh7 19.g4 f6 20.gxh5 fxe5 21.Bd3 
Qg8 22.Bg6+ Kd7 23.dxe5+ Kc7 24.Qa4 Bc5 25.Rh2 Qf8 26.Qe4 a5 27.Rd1 Qe7 
28.Rhd2 Rhf8 29.Rxd8 Rxd8 30.Rxd8 Qxd8 31.Ke2 Qd5 32.Qxd5 1/2-1/2

[Event "XXIII Festival Conca della Presolana A"]
[Site "Bratto - Castione della Presolana ITA"]
[Date "2003.08.28"]
[Round "8"]
[White "Godena, Michele"]
[Black "Qendro, Llambi"]
[Result "1/2-1/2"]
[WhiteElo "2517"]
[BlackElo "2370"]
[PlyCount "80"]
[EventDate "2003.08.21"]

1.e4 d6 2.d4 Nf6 3.Nc3 g6 4.Nf3 Bg7 5.Be2 O-O 6.O-O c6 7.Re1 Qc7 8.Bf4 Bg4
9.e5 Nh5 10.Bg5 h6 11.Be3 dxe5 12.dxe5 Na6 13.h3 Bxf3 14.Bxf3 Qxe5 15.Bxh6
Qc7 16.Bxg7 Nxg7 17.Qe2 Rfe8 18.Na4 Ne6 19.c3 Nac5 20.Nxc5 Nxc5 21.Qe3 Ne6
22.Rad1 a6 23.Bg4 Nf8 24.h4 Rad8 25.Rxd8 Qxd8 26.h5 Qd5 27.hxg6 Nxg6 28.
Qh6 Qc4 29.Be6 Qd3 30.Re3 Qb1+ 31.Kh2 fxe6 32.Rg3 Kf7 33.Rf3+ Kg8 34.Rg3 
Kf7 35.Rf3+ Kg8 36.Rg3 Kf7 37.Rf3+ Kg8 38.Rh3 Kf7 39.Rf3+ Kg8 40.Rh3 Kf7 
1/2-1/2

[Event "XXIII Festival Conca della Presolana A"]
[Site "Bratto - Castione della Presolana ITA"]
[Date "2003.08.28"]
[Round "8"]
[White "Guglielmi, Giuseppe"]
[Black "Bottino, Alexiei"]
[Result "0-1"]
[WhiteElo "1991"]
[BlackElo "2071"]
[PlyCount "58"]
[EventDate "2003.08.21"]

1.d4 Nf6 2.Nf3 g6 3.c4 Bg7 4.Nc3 d5 5.e3 O-O 6.Ne5 c5 7.Qb3 cxd4 8.exd4 
Nc6 9.Nxc6 bxc6 10.Be3 Bf5 11.Qa4 e5 12.Be2 Ng4 13.Bxg4 Bxg4 14.cxd5 cxd5 
15.dxe5 Bd7 16.Qd4 Bc6 17.O-O Re8 18.Qc5 Rc8 19.f4 f6 20.Qxa7 Rc7 21.Qa5 
d4 22.Rad1 fxe5 23.Nb5 Qd5 24.Rf3 Rf7 25.a4 Qb3 26.Nxd4 exd4 27.Rff1 Qxe3+
28.Kh1 Qe2 29.Rg1 Bxg2+ 0-1

[Event "XXIII Festival Conca della Presolana A"]
[Site "Bratto - Castione della Presolana ITA"]
[Date "2003.08.28"]
[Round "8"]
[White "Guidi, Maurizio"]
[Black "Maccagno, Giancarlo"]
[Result "1/2-1/2"]
[WhiteElo "1936"]
[BlackElo "2133"]
[PlyCount "132"]
[EventDate "2003.08.21"]

1.e4 d6 2.d4 g6 3.Nc3 c6 4.f4 d5 5.e5 h5 6.Nf3 Bg4 7.Be3 e6 8.h3 Bxf3 9.
Qxf3 Ne7 10.O-O-O Nf5 11.Bf2 h4 12.Bd3 Nd7 13.g4 hxg3 14.Bxf5 exf5 15.Qxg3
Qe7 16.h4 Rh5 17.e6 fxe6 18.Rde1 O-O-O 19.Qxg6 Nf6 20.Re5 Bh6 21.Qg3 Ng4 
22.Ree1 Rh8 23.Qf3 Bg7 24.Nd1 Bf6 25.Ne3 Nxf2 26.Qxf2 Bxh4 27.Qf3 Qf7 28.
Ref1 Bf6 29.c3 Qh7 30.Rhg1 Rh3 31.Qe2 Qh5 32.Qxh5 R8xh5 33.Nd1 Kd7 34.Rg8 
Rh8 35.Rfg1 Rxg8 36.Rxg8 Rh8 37.Rg6 Ke7 38.Nf2 Kf7 39.Rg2 Rh4 40.Nd3 b6 
41.b4 Bg7 42.Kc2 Rh1 43.a3 Ra1 44.Kb2 Rf1 45.Rh2 Rg1 46.Kc2 Rg4 47.Rf2 Rh4
48.Rg2 Rh8 49.Rf2 Ra8 50.Kb3 a5 51.Rf1 a4+ 52.Kc2 Rh8 53.Rf2 Rh1 54.Rg2 
Bf6 55.Rf2 Rh3 56.Rg2 Kf8 57.Re2 Ke7 58.Rg2 Rh8 59.Rf2 Rh4 60.Rg2 Rg4 61.
Rh2 Kd6 62.Rh7 Rg2+ 63.Kb1 Bg7 64.Kc1 Bf6 65.Rf7 Be7 66.Ne5 Rg1+ 1/2-1/2

[Event "XXIII Festival Conca della Presolana A"]
[Site "Bratto - Castione della Presolana ITA"]
[Date "2003.08.28"]
[Round "8"]
[White "Lanzani, Mario"]
[Black "Lalic, Bogdan"]
[Result "0-1"]
[WhiteElo "2355"]
[BlackElo "2503"]
[PlyCount "70"]
[EventDate "2003.08.21"]

1.e4 c5 2.Nf3 d6 3.c3 Nf6 4.Bd3 Bg4 5.Bc2 Nc6 6.d3 e6 7.Nbd2 d5 8.h3 Bh5 
9.Ba4 Qc7 10.exd5 Nxd5 11.Nc4 a6 12.Bxc6+ Qxc6 13.Nfe5 Bxd1 14.Nxc6 Ba4 
15.N6e5 f6 16.Ng4 Rd8 17.f3 Be7 18.Bd2 Kf7 19.b3 Bd7 20.Nf2 b5 21.Ne3 Nf4 
22.g3 Nh5 23.Nf1 f5 24.g4 Nf6 25.c4 Bc6 26.Ke2 Nd7 27.Bc3 Bh4 28.Rg1 Rhg8 
29.Nd2 Nf8 30.cxb5 axb5 31.a4 Ng6 32.axb5 Nf4+ 33.Kf1 Bxb5 34.Nc4 Bxc4 35.
Ra7+ Ke8 0-1

[Event "XXIII Festival Conca della Presolana A"]
[Site "Bratto - Castione della Presolana ITA"]
[Date "2003.08.28"]
[Round "8"]
[White "Lapiccirella, Daniele"]
[Black "Scotti, Umberto"]
[Result "0-1"]
[WhiteElo "2087"]
[BlackElo "2135"]
[PlyCount "60"]
[EventDate "2003.08.21"]

1.d4 e6 2.c4 f5 3.g3 Nf6 4.Bg2 Be7 5.Nh3 O-O 6.O-O d6 7.Nc3 c6 8.d5 cxd5 
9.cxd5 e5 10.e4 Nxe4 11.Nxe4 fxe4 12.Bxe4 Bf5 13.Bxf5 Rxf5 14.f3 Qb6+ 15.
Nf2 Nd7 16.Qd3 Raf8 17.Be3 Nc5 18.Bxc5 Qxc5 19.Kg2 Rxf3 20.Qxf3 Rxf3 21.
Kxf3 Qxd5+ 22.Ke2 Qc4+ 23.Kf3 Qd5+ 24.Ke2 Qb5+ 25.Kf3 d5 26.b3 Bc5 27.Rad1
Bxf2 28.Rxf2 Kf7 29.Rfd2 d4 30.Kf2 Ke6 0-1

[Event "XXIII Festival Conca della Presolana A"]
[Site "Bratto - Castione della Presolana ITA"]
[Date "2003.08.28"]
[Round "8"]
[White "Lapiccirella, Mattia"]
[Black "Frilli, Guido"]
[Result "1/2-1/2"]
[WhiteElo "2187"]
[BlackElo "2071"]
[PlyCount "45"]
[EventDate "2003.08.21"]

1.d4 d5 2.c4 c6 3.Nf3 Nf6 4.e3 a6 5.Nc3 b5 6.b3 Bf5 7.Bd3 Bxd3 8.Qxd3 e6 
9.O-O Nbd7 10.Rd1 Be7 11.Bb2 O-O 12.Rac1 Qb6 13.Qe2 Rfd8 14.Rc2 Rac8 15.a3
Qb7 16.c5 Bf8 17.b4 g6 18.Ne5 Bg7 19.f4 Ne4 20.g4 Nxc3 21.Bxc3 f6 22.Nf3 
Qc7 23.g5 1/2-1/2

[Event "XXIII Festival Conca della Presolana A"]
[Site "Bratto - Castione della Presolana ITA"]
[Date "2003.08.28"]
[Round "8"]
[White "Lucaroni, Massimiliano"]
[Black "Ranieri, Fabrizio"]
[Result "1-0"]
[WhiteElo "2295"]
[BlackElo "2170"]
[PlyCount "41"]
[EventDate "2003.08.21"]

1.e4 e6 2.Nf3 d5 3.e5 c5 4.b4 cxb4 5.a3 d4 6.axb4 Bxb4 7.Bd3 Nc6 8.Ra4 Bd7
9.Na3 Nge7 10.c3 dxc3 11.O-O Nd5 12.Nb5 cxd2 13.Bxd2 Be7 14.Rg4 g6 15.Bh6 
Qb6 16.Qe2 Ncb4 17.Rb1 Bxb5 18.Bxb5+ Nc6 19.Qc2 O-O-O 20.Bxc6 Qxc6 21.Rc4 
1-0

[Event "XXIII Festival Conca della Presolana A"]
[Site "Bratto - Castione della Presolana ITA"]
[Date "2003.08.28"]
[Round "8"]
[White "Maksimenko, Andrei"]
[Black "Epishin, Vladimir V."]
[Result "1/2-1/2"]
[WhiteElo "2512"]
[BlackElo "2642"]
[PlyCount "91"]
[EventDate "2003.08.21"]

1.Nf3 Nf6 2.c4 e6 3.Nc3 Bb4 4.Qc2 O-O 5.a3 Bxc3 6.Qxc3 b6 7.e3 Bb7 8.Be2 
d6 9.b4 Nbd7 10.Bb2 c5 11.O-O Re8 12.Rfe1 Rc8 13.Rad1 e5 14.d3 a6 15.d4 
cxd4 16.exd4 e4 17.Ng5 e3 18.Qd3 exf2+ 19.Kxf2 h6 20.Nh3 b5 21.c5 Be4 22.
Qd2 Bf5 23.Bf3 Ne4+ 24.Bxe4 Bxe4 25.Kg1 d5 26.Nf2 Nf6 27.Bc1 Rc6 28.Qc3 
Qb8 29.Re3 Rce6 30.Rde1 Qc7 31.Bd2 Qc6 32.R3e2 Qc7 33.Qc1 g5 34.Qc3 Kh7 
35.Qb3 Qc6 36.Qg3 Kg6 37.h4 Nh5 38.Qb3 f5 39.hxg5 hxg5 40.g4 Nf4 41.Bxf4 
gxf4 42.gxf5+ Bxf5 43.Nh3 Bxh3 44.Qxh3 Rxe2 45.Rxe2 Rxe2 46.Qg4+ 1/2-1/2

[Event "XXIII Festival Conca della Presolana A"]
[Site "Bratto - Castione della Presolana ITA"]
[Date "2003.08.28"]
[Round "8"]
[White "Mantovani, Renzo"]
[Black "Borgo, Giulio"]
[Result "1/2-1/2"]
[WhiteElo "2375"]
[BlackElo "2423"]
[PlyCount "23"]
[EventDate "2003.08.21"]

1.d4 d5 2.Bf4 Nf6 3.e3 c5 4.c3 e6 5.Nf3 Nc6 6.h3 Bd6 7.Bxd6 Qxd6 8.Nbd2 
O-O 9.Bd3 e5 10.dxe5 Nxe5 11.Nxe5 Qxe5 12.O-O 1/2-1/2

[Event "XXIII Festival Conca della Presolana A"]
[Site "Bratto - Castione della Presolana ITA"]
[Date "2003.08.28"]
[Round "8"]
[White "Marta, Daniele"]
[Black "Ricci, Alfredo"]
[Result "1-0"]
[WhiteElo "2118"]
[BlackElo "2037"]
[PlyCount "75"]
[EventDate "2003.08.21"]

1.c4 Nf6 2.Nf3 g6 3.Nc3 Bg7 4.e4 d6 5.d4 O-O 6.Be2 e5 7.O-O Nc6 8.d5 Ne7 
9.Ne1 h6 10.Be3 g5 11.c5 Ng6 12.cxd6 cxd6 13.Rc1 Nf4 14.f3 h5 15.g3 Nh3+ 
16.Kh1 g4 17.f4 exf4 18.gxf4 Nxe4 19.Nxe4 Re8 20.Rxc8 Rxc8 21.Qd3 Qe7 22.
Nxd6 Qxd6 23.Ng2 b6 24.Bd1 Bxb2 25.Bc2 Rc3 26.Qh7+ Kf8 27.Bd4 Re2 28.Qh8+ 
Ke7 29.Ba4 Rc8 30.Qxc8 Bxd4 31.Qe8+ Kf6 32.Qxe2 Qxd5 33.Bb3 Qb7 34.Qc4 Bc5
35.Qc3+ Kg6 36.Bc2+ f5 37.Qe5 Qd7 38.Bxf5+ 1-0

[Event "XXIII Festival Conca della Presolana A"]
[Site "Bratto - Castione della Presolana ITA"]
[Date "2003.08.28"]
[Round "8"]
[White "Mauro, Alan"]
[Black "Rosin, Federico"]
[Result "0-1"]
[WhiteElo "2222"]
[BlackElo "2117"]
[PlyCount "154"]
[EventDate "2003.08.21"]

1.e4 c5 2.Nf3 Nc6 3.d4 cxd4 4.Nxd4 Nf6 5.Nxc6 bxc6 6.Bd3 e5 7.O-O Be7 8.b3
O-O 9.Bb2 d6 10.Kh1 Bg4 11.f3 Be6 12.c4 Nd7 13.Nc3 g6 14.Ne2 f5 15.Bc2 f4 
16.Ba3 Nf6 17.Qe1 Qe8 18.c5 dxc5 19.Qc3 Nd7 20.Bd3 Qf7 21.Rfd1 Rfd8 22.
Rac1 a5 23.Bc4 a4 24.Bb2 Bxc4 25.bxc4 Bh4 26.Rd6 Bf2 27.Rxd7 Qxd7 28.Qxe5 
Bd4 29.Nxd4 cxd4 30.Rd1 Qd6 31.Qg5 Qb4 32.Ba1 Qxc4 33.h4 c5 34.h5 Rd6 35.
h6 Qe6 36.Qxc5 Rc8 37.Qa7 Qd7 38.Qa5 Rd8 39.Qe5 a3 40.Kg1 Qa7 41.Qxf4 Qf7 
42.Qe5 Qf6 43.Qc5 Qf4 44.e5 Qe3+ 45.Kf1 Rd5 46.Qc4 d3 47.Re1 Qc5 48.Qb3 
Qb5 49.Qxb5 Rxb5 50.e6 d2 51.Rd1 Rbd5 52.Bc3 Re8 53.Bb4 Rxe6 54.Bxa3 Ra6 
55.Bb4 Rxa2 56.Ke2 Rh5 57.Rxd2 Rxd2+ 58.Bxd2 Kf7 59.Kf2 Ke6 60.Bf4 Rh1 61.
g4 Kf6 62.Be3 Ke5 63.Bg5 Kd4 64.Bf6+ Kd3 65.Bg7 Rc1 66.Bf8 Rc2+ 67.Kg3 Ke2
68.f4 Rc3+ 69.Kh4 Rc8 70.Bg7 Kf3 71.Kg5 Ra8 72.Be5 Ra5 73.Kh4 Ke4 74.Kg5 
Rxe5+ 75.fxe5 Kxe5 76.Kh4 Kf4 77.Kh3 g5 0-1

[Event "XXIII Festival Conca della Presolana A"]
[Site "Bratto - Castione della Presolana ITA"]
[Date "2003.08.28"]
[Round "8"]
[White "Mazzariol, Oscar"]
[Black "Danieli, Enrico"]
[Result "1/2-1/2"]
[WhiteElo "2049"]
[BlackElo "2120"]
[PlyCount "86"]
[EventDate "2003.08.21"]

1.d4 Nf6 2.c4 e6 3.Nc3 d5 4.Bg5 Be7 5.e3 O-O 6.Nf3 Ne4 7.Bxe7 Qxe7 8.Bd3 
Nxc3 9.bxc3 dxc4 10.Bxc4 Nd7 11.e4 c5 12.O-O Rd8 13.Qe2 b6 14.Nd2 cxd4 15.
cxd4 Nf6 16.e5 Nd5 17.Ne4 Bb7 18.Nd6 Rab8 19.Qd2 Ba8 20.Bd3 Nc7 21.Qc2 g6 
22.Rfd1 Ne8 23.Nxe8 Rxe8 24.Rac1 Qb7 25.f3 Qd7 26.Ba6 Bb7 27.Bxb7 Rxb7 28.
Rd3 Rd8 29.Qc4 Qd5 30.Kf2 Qxc4 31.Rxc4 Rd5 32.Rc8+ Kg7 33.g4 h6 34.Ke3 
Rbd7 35.a3 Rb5 36.Rdc3 Rbd5 37.Rd3 Rd8 38.Rc7 R5d7 39.Rdc3 Kf8 40.Rxd7 
Rxd7 41.Rc8+ Kg7 42.a4 Rd5 43.h4 Ra5 1/2-1/2

[Event "XXIII Festival Conca della Presolana A"]
[Site "Bratto - Castione della Presolana ITA"]
[Date "2003.08.28"]
[Round "8"]
[White "Muscolino, Attilio"]
[Black "Vigile, Matteo"]
[Result "0-1"]
[WhiteElo "2155"]
[BlackElo "2080"]
[PlyCount "110"]
[EventDate "2003.08.21"]

1.e4 e5 2.Nf3 Nc6 3.d4 exd4 4.Bc4 Nf6 5.O-O Nxe4 6.Nxd4 d5 7.Nxc6 bxc6 8.
Bb3 Bc5 9.c4 O-O 10.Nd2 Nf6 11.Nf3 Be6 12.Ne5 dxc4 13.Qxd8 Raxd8 14.Ba4 
Bd5 15.Bg5 Rd6 16.Rac1 Re6 17.Bxf6 Rxf6 18.Nd7 Rg6 19.g3 Bb6 20.Nxf8 Kxf8 
21.b3 cxb3 22.Bxb3 h5 23.Rcd1 h4 24.Bxd5 cxd5 25.Rxd5 hxg3 26.hxg3 Rxg3+ 
27.Kh2 Rf3 28.Kg2 Rf6 29.f3 Re6 30.a4 a5 31.Kh3 Re3 32.Kg4 Ra3 33.Re1 
Rxa4+ 34.f4 Rd4 35.Rde5 g6 36.Re7 Kg7 37.Kg5 Rd2 38.R1e6 Rg2+ 39.Kh4 a4 
40.Rd7 Bf2+ 41.Kh3 Rg3+ 42.Kh2 Rg4 43.f5 gxf5 44.Ree7 Bg3+ 45.Kh3 Bd6 46.
Rxf7+ Kg6 47.Rg7+ Kf6 48.Rxg4 fxg4+ 49.Kxg4 a3 50.Rd8 Ke5 51.Kf3 Kd4 52.
Ke2 Kc3 53.Kd1 a2 54.Ra8 Kb3 55.Rb8+ Bb4 0-1

[Event "XXIII Festival Conca della Presolana A"]
[Site "Bratto - Castione della Presolana ITA"]
[Date "2003.08.28"]
[Round "8"]
[White "Osuna Munoz, Xavier"]
[Black "Radice, Luca"]
[Result "1-0"]
[WhiteElo "2097"]
[BlackElo "2092"]
[PlyCount "67"]
[EventDate "2003.08.21"]

1.Nf3 d5 2.g3 Nf6 3.Bg2 Bg4 4.d3 Nbd7 5.Bf4 e6 6.O-O Bc5 7.h3 Bxf3 8.Bxf3 
e5 9.Bg5 c6 10.c3 h6 11.Bxf6 Qxf6 12.e4 d4 13.c4 h5 14.Bxh5 O-O-O 15.Bg4 
Qh6 16.Kg2 Kb8 17.Rh1 Nf8 18.Nd2 Ng6 19.Nf3 Bd6 20.Qd2 Qh7 21.b4 Ne7 22.c5
Bc7 23.a4 g6 24.h4 f5 25.Ng5 Qg8 26.Bf3 Rd7 27.b5 fxe4 28.Nxe4 Nd5 29.bxc6
bxc6 30.Rab1+ Kc8 31.Bg4 Kd8 32.Qg5+ Ke8 33.Rb7 Rf7 34.Rhb1 1-0

[Event "XXIII Festival Conca della Presolana A"]
[Site "Bratto - Castione della Presolana ITA"]
[Date "2003.08.28"]
[Round "8"]
[White "Pagnoncelli, Marco"]
[Black "Marzano, Carlo"]
[Result "1-0"]
[WhiteElo "2116"]
[BlackElo "2225"]
[PlyCount "141"]
[EventDate "2003.08.21"]

1.e4 Nc6 2.Nc3 d6 3.d4 Nf6 4.f3 e5 5.Nge2 g6 6.Be3 exd4 7.Nxd4 Bg7 8.Qd2 
O-O 9.O-O-O Nxd4 10.Bxd4 Be6 11.g4 c5 12.Bxf6 Qxf6 13.Be2 Qd8 14.Nd5 b5 
15.f4 b4 16.g5 Qa5 17.Bc4 Qd8 18.h4 Re8 19.Rdf1 Bd4 20.h5 Rc8 21.Qh2 Rc7 
22.hxg6 fxg6 23.Nxc7 Qxc7 24.Bxe6+ Rxe6 25.f5 Rxe4 26.f6 Qf7 27.Kb1 Re6 
28.Qg2 Be5 29.Qa8+ Re8 30.Qxe8+ Qxe8 31.f7+ Qxf7 32.Rxf7 Kxf7 33.Rxh7+ Bg7
34.a4 Kg8 35.Rh2 Kf7 36.Rh7 Kg8 37.Rh2 Kf7 38.Re2 Be5 39.b3 Ke6 40.Rf2 Bg7
41.Kc1 a5 42.Kd2 d5 43.Kd3 Ke7 44.Re2+ Kd7 45.Ke3 Be5 46.Re1 Ke6 47.Rf1 
Bd4+ 48.Kd3 Bg7 49.Rf3 Ke7 50.Re3+ Kf7 51.Rh3 Bb2 52.Rh7+ Bg7 53.Ke3 c4 
54.Ke2 Kg8 55.Rh4 cxb3 56.cxb3 Kf7 57.Kd3 Bb2 58.Rh7+ Ke6 59.Ra7 Bc1 60.
Ra6+ Kf5 61.Kd4 Bxg5 62.Rxa5 Bf6+ 63.Kxd5 g5 64.Kd6+ Kf4 65.Ke6 Bd8 66.Rd5
Bc7 67.Rf5+ Kg4 68.Rb5 Bf4 69.Rxb4 Kf3 70.Kf5 Bd2 71.Rg4 1-0

[Event "XXIII Festival Conca della Presolana A"]
[Site "Bratto - Castione della Presolana ITA"]
[Date "2003.08.28"]
[Round "8"]
[White "Pegoraro, Nicola"]
[Black "Alberton, Roberto"]
[Result "1/2-1/2"]
[WhiteElo "2061"]
[BlackElo "2113"]
[PlyCount "65"]
[EventDate "2003.08.21"]

1.e4 e6 2.d4 d5 3.Nd2 Nf6 4.e5 Nfd7 5.Bd3 c5 6.c3 Nc6 7.Ne2 cxd4 8.cxd4 f6
9.exf6 Nxf6 10.O-O Bd6 11.Nf3 O-O 12.Bf4 Bxf4 13.Nxf4 Ne4 14.Nh5 Rxf3 15.
Qxf3 Nxd4 16.Qg4 g6 17.Bxe4 dxe4 18.Qxe4 Nc6 19.Rad1 Qg5 20.Nf4 e5 21.Qd5+
Kh8 22.Ne6 Qe7 23.Nd8 Bg4 24.Nxc6 bxc6 25.Qxc6 Rc8 26.Qd6 Qg5 27.h4 Qf4 
28.Rde1 Re8 29.Re3 Re6 30.Qb8+ Kg7 31.Rfe1 Rf6 32.f3 Bh3 33.Qxe5 1/2-1/2

[Event "XXIII Festival Conca della Presolana A"]
[Site "Bratto - Castione della Presolana ITA"]
[Date "2003.08.28"]
[Round "8"]
[White "Rago, Riccardo"]
[Black "Temi, Walter"]
[Result "0-1"]
[WhiteElo "2163"]
[BlackElo "2064"]
[PlyCount "77"]
[EventDate "2003.08.21"]

1.e4 b6 2.d4 Bb7 3.Nc3 e6 4.Nf3 Bb4 5.Bd3 Nf6 6.Qe2 d5 7.exd5 Nxd5 8.Bd2 
Nxc3 9.bxc3 Be7 10.h4 Nd7 11.Kf1 Bf6 12.a4 a5 13.Ng5 Nf8 14.Kg1 h6 15.Nf3 
Nd7 16.Rh3 Qe7 17.Bf4 O-O-O 18.Ba6 g5 19.hxg5 hxg5 20.Rxh8 Rxh8 21.Bg3 Bg7
22.Qc4 Nb8 23.Bxb7+ Kxb7 24.Rb1 g4 25.Nh2 f5 26.f3 Bh6 27.f4 Qd6 28.Re1 
Bxf4 29.Rxe6 Bxg3 30.Rxd6 Bxh2+ 31.Kf1 Bxd6 32.Ke2 Re8+ 33.Kd3 f4 34.Qd5+ 
Ka7 35.c4 Na6 36.c3 Re1 37.Qf5 g3 38.Qf7 Rf1 39.Ke2 0-1

[Event "XXIII Festival Conca della Presolana A"]
[Site "Bratto - Castione della Presolana ITA"]
[Date "2003.08.28"]
[Round "8"]
[White "Rigamonti, Stefano"]
[Black "Vinzoni, Andrea"]
[Result "0-1"]
[WhiteElo "1905"]
[BlackElo "2100"]
[PlyCount "114"]
[EventDate "2003.08.21"]

1.e4 c6 2.d4 d5 3.Nd2 dxe4 4.Nxe4 Nf6 5.Nxf6+ exf6 6.Bc4 Bd6 7.Qe2+ Qe7 8.
Bd2 Be6 9.O-O-O O-O 10.Bxe6 Qxe6 11.Qxe6 fxe6 12.Nf3 Nd7 13.Rhe1 Rfe8 14.
Bc3 Nb6 15.b3 Nd5 16.Bb2 Bb4 17.Re4 b5 18.a3 Bf8 19.Ne1 a5 20.Nd3 a4 21.b4
Bd6 22.Rde1 Kf7 23.g3 Nb6 24.Kb1 g5 25.f4 f5 26.R4e2 gxf4 27.gxf4 Nd5 28.
Rf2 Rg8 29.c4 bxc4 30.Ne5+ Bxe5 31.fxe5 c3 32.Ba1 Rg4 33.Rc1 Rxd4 34.Bxc3 
Rc4 35.Bb2 Rxc1+ 36.Kxc1 Rg8 37.Kd1 Rg4 38.Ke2 Re4+ 39.Kd3 Ne3 40.Bd4 Ng4 
41.Rc2 Nxe5+ 42.Bxe5 Rxe5 43.Rxc6 f4 44.Rc4 Re3+ 45.Kd2 e5 46.Rc3 Rxc3 47.
Kxc3 e4 48.Kd4 e3 49.Kd3 Ke6 50.Ke2 Kd5 51.Kf3 Ke5 52.Ke2 Ke4 53.h3 h6 54.
h4 f3+ 55.Kd1 Kd3 56.Ke1 f2+ 57.Kf1 Kd2 0-1

[Event "XXIII Festival Conca della Presolana A"]
[Site "Bratto - Castione della Presolana ITA"]
[Date "2003.08.28"]
[Round "8"]
[White "Satta, Vladimiro"]
[Black "Guido, Flavio"]
[Result "1-0"]
[WhiteElo "2242"]
[BlackElo "2332"]
[PlyCount "73"]
[EventDate "2003.08.21"]

1.e4 c5 2.Nc3 a6 3.g3 b5 4.Bg2 Bb7 5.d3 e6 6.f4 d5 7.exd5 exd5 8.a4 Nf6 9.
axb5 axb5 10.Rxa8 Bxa8 11.Bd2 Qb6 12.d4 Be7 13.Qe2 Bc6 14.dxc5 Qxc5 15.Nf3
d4 16.Nd1 b4 17.Nf2 O-O 18.Nd3 Qxc2 19.O-O Bb5 20.Qxe7 Nc6 21.Nxb4 Nxb4 
22.Bxb4 Re8 23.Qc5 Qxc5 24.Bxc5 Bxf1 25.Bxf1 Re3 26.Nxd4 Ne4 27.b4 h5 28.
Nf5 Re1 29.Kg2 Nxc5 30.bxc5 Rc1 31.c6 Kf8 32.Nd4 Ke7 33.Kf2 Rd1 34.Nf5+ 
Kf6 35.Ne3 Rc1 36.c7 Ke6 37.c8=Q+ 1-0

[Event "XXIII Festival Conca della Presolana A"]
[Site "Bratto - Castione della Presolana ITA"]
[Date "2003.08.28"]
[Round "8"]
[White "Sax, Gyula"]
[Black "Cebalo, Miso"]
[Result "1/2-1/2"]
[WhiteElo "2521"]
[BlackElo "2510"]
[PlyCount "24"]
[EventDate "2003.08.21"]

1.e4 e6 2.d4 d5 3.Nd2 Nf6 4.e5 Nfd7 5.c3 c5 6.Bd3 Nc6 7.Ne2 cxd4 8.cxd4 f6
9.exf6 Nxf6 10.Nf3 Bd6 11.Bf4 Qa5+ 12.Qd2 Qxd2+ 1/2-1/2

[Event "XXIII Festival Conca della Presolana A"]
[Site "Bratto - Castione della Presolana ITA"]
[Date "2003.08.28"]
[Round "8"]
[White "Scacco, Mauro"]
[Black "Manzoni, Alessandro"]
[Result "0-1"]
[WhiteElo "2090"]
[BlackElo "2034"]
[PlyCount "60"]
[EventDate "2003.08.21"]

1.e4 d6 2.d4 Nf6 3.Nc3 g6 4.f4 Bg7 5.Nf3 c5 6.dxc5 Qa5 7.Bd3 Qxc5 8.Qe2 
O-O 9.Be3 Qa5 10.O-O Bg4 11.h3 Bxf3 12.Qxf3 Nc6 13.Qf2 Nd7 14.Rab1 Nc5 15.
Bxc5 dxc5 16.e5 f6 17.Bc4+ Kh8 18.Ne4 fxe5 19.Qh4 exf4 20.Ng5 h6 21.Rbe1 
Qd2 22.Bd3 c4 23.Re6 cxd3 24.Rxg6 Rf6 25.Rxf6 exf6 26.Nf7+ Kh7 27.cxd3 Ne5
28.Nxh6 Bxh6 29.Qxf6 Rg8 30.Rf2 Qe1+ 0-1

[Event "XXIII Festival Conca della Presolana A"]
[Site "Bratto - Castione della Presolana ITA"]
[Date "2003.08.28"]
[Round "8"]
[White "Shytaj, Carlo"]
[Black "Borroni, Enrico"]
[Result "1-0"]
[WhiteElo "2150"]
[BlackElo "1908"]
[PlyCount "77"]
[EventDate "2003.08.21"]

1.e4 c6 2.d4 d5 3.exd5 cxd5 4.Bd3 Qc7 5.c3 Nf6 6.Ne2 e6 7.Bf4 Bd6 8.Bxd6 
Qxd6 9.Nd2 O-O 10.O-O b6 11.f4 Ba6 12.Nf3 Bxd3 13.Qxd3 Nbd7 14.Ne5 Ne4 15.
Qh3 b5 16.Nxd7 Qxd7 17.f5 Rae8 18.fxe6 Qxe6 19.Qxe6 Rxe6 20.Nf4 Rd6 21.a4 
a6 22.axb5 axb5 23.Ra7 Rb8 24.Nd3 Nf6 25.Ne5 Re6 26.Nxf7 b4 27.Ne5 bxc3 
28.bxc3 Rd6 29.h3 h6 30.Rc7 Rbb6 31.Rc8+ Kh7 32.Nf7 Re6 33.Rh8+ Kg6 34.
Ne5+ Kg5 35.Rf3 Rb1+ 36.Kh2 Ne4 37.Rg8 g6 38.Rh8 Re7 39.h4+ 1-0

[Event "XXIII Festival Conca della Presolana A"]
[Site "Bratto - Castione della Presolana ITA"]
[Date "2003.08.28"]
[Round "8"]
[White "Shytaj, Luca"]
[Black "Sedina, Elena"]
[Result "1/2-1/2"]
[WhiteElo "2336"]
[BlackElo "2390"]
[PlyCount "64"]
[EventDate "2003.08.21"]

1.e4 e6 2.d4 d5 3.Nd2 c5 4.exd5 exd5 5.Bb5+ Nc6 6.Ngf3 Bd6 7.dxc5 Bxc5 8.
O-O Ne7 9.Nb3 Bd6 10.Re1 O-O 11.Nbd4 Bg4 12.Be2 h6 13.c3 Re8 14.Be3 a6 15.
Qd2 Qc7 16.h3 Bh5 17.Nh4 Bxe2 18.Qxe2 Qd7 19.Qh5 Nxd4 20.Bxd4 Bf4 21.Rad1 
Nc6 22.Qf5 Qxf5 23.Nxf5 Nxd4 24.Nxd4 Rxe1+ 25.Rxe1 Kf8 26.g3 Bg5 27.Rd1 
Rd8 28.Nb3 b6 29.Kf1 Bf6 30.Ke2 g6 31.Kd3 Re8 32.Na1 b5 {...} 1/2-1/2

[Event "XXIII Festival Conca della Presolana A"]
[Site "Bratto - Castione della Presolana ITA"]
[Date "2003.08.28"]
[Round "8"]
[White "Tatai, Stefano"]
[Black "Del Rio Angelis, Salvador Gabriel"]
[Result "0-1"]
[WhiteElo "2343"]
[BlackElo "2479"]
[PlyCount "74"]
[EventDate "2003.08.21"]

1.e4 e6 2.d4 d5 3.Nc3 Bb4 4.e5 c5 5.a3 Bxc3+ 6.bxc3 Ne7 7.Qg4 O-O 8.Bd3 
Nbc6 9.Nf3 f5 10.Qg3 Qb6 11.dxc5 Qxc5 12.Bd2 Na5 13.O-O Nc4 14.Bc1 Bd7 15.
Re1 Rac8 16.h4 Kh8 17.h5 h6 18.Qh4 Rf7 19.a4 b6 20.Qf4 Qa5 21.g4 Qxc3 22.
Ra2 d4 23.g5 hxg5 24.Qxg5 Bc6 25.Nd2 Nxd2 26.Bxd2 Qc5 27.Bb5 Qd5 28.Bxc6 
Nxc6 29.Ra3 Nxe5 30.Qf4 Nc4 31.Rg3 e5 32.Qg5 Qd8 33.Qg6 Qd7 34.Bc1 Rc6 35.
Qg5 Qe7 36.c3 Qxg5 37.Bxg5 f4 0-1

[Event "XXIII Festival Conca della Presolana A"]
[Site "Bratto - Castione della Presolana ITA"]
[Date "2003.08.28"]
[Round "8"]
[White "Tirrito, Luca"]
[Black "Zacco, Remo"]
[Result "1-0"]
[WhiteElo "2036"]
[BlackElo "2077"]
[PlyCount "55"]
[EventDate "2003.08.21"]

1.e4 d6 2.f4 g6 3.Nf3 Bg7 4.d3 Nc6 5.Be2 Bg4 6.c3 Bxf3 7.Bxf3 e5 8.O-O Nh6
9.f5 f6 10.Na3 Qe7 11.Nc4 Nf7 12.Ne3 g5 13.Qb3 O-O-O 14.Nd5 Qd7 15.Qa3 h5 
16.b4 Kb8 17.Be3 b6 18.Bd1 Qc8 19.Ba4 Qb7 20.Bb5 Rdf8 21.Ba6 Qa8 22.Qa4 
Nfd8 23.Qb5 Rf7 24.a4 Ne7 25.Qd7 Ne6 26.fxe6 Nxd5 27.exf7 c5 28.bxc5 1-0